000 00654cam a22001931i 4500
001 tmp96031105
003 DLC
005 20260227112757.0
008 120918s1916 nyu 000 0 eng
010 _atmp96031105
040 _aDLC
_cDLC
_dDLC
050 0 0 _aHC106
_b.V34
100 1 _aVanderlip, Frank A.
_q(Frank Arthur),
_d1864-1937.
245 1 2 _aA country with an opportunity :
_ban address before the Bankers' Club of Chicago, December 16, 1916 /
_cF. A. Vanderlip.
260 _aNew York :
_bNational City Bank,
_c1916.
300 _a23 p. ;
_c23 cm.
651 0 _aUnited States
_xEconomic conditions.
650 0 _aBanks and banking
_zUnited States.
999 _c91286
_d91286